Red Dwarf S1 Quiz Stats

 Plays Quiz not verified by Sporcle

Score 0/6 Timer 03:00
0 Plays Today
Hint Answer % Correct
In his first scene, what colour is The Cat's suit?Pink
78.7%
Which of Lister's goldfish breaks in Episode Two?McCartney
70.7%
Which colour is repainted in military grey by Rimmer in Episode Six?Ocean Grey
61.5%
What does Lister order for breakfast in Episode Three?A chicken vindaloo with a beer milkshake
60.3%
How many irradiated haggis's are there?4691
27.7%
According to Rimmer, where did it once rain herring in the twelfth century? Burgundy
20.5%

You're not logged in!

Compare scores with friends on all Sporcle quizzes.
OR
Log In

Show Comments

Extras

Created Nov 17, 2010ReportNominate
Tags:dwarf, episode, red, Red Dwarf

Top Quizzes Today


Score Distribution

Your Account Isn't Verified!

In order to create a playlist on Sporcle, you need to verify the email address you used during registration. Go to your Sporcle Settings to finish the process.

Report this User

Report this user for behavior that violates our Community Guidelines.

Details: